ბათუმის შოთა რუსთაველის სახელმწიფო უნივერსიტეტის ბიბლიოთეკა

ურჩი (ბიბ.ჩანაწერი № 42706)

000 -LEADER
fixed length control field 00732nam a2200241Ia 4500
001 - CONTROL NUMBER
control field 9412
003 - CONTROL NUMBER IDENTIFIER
control field GE_BSU
008 - FIXED-LENGTH DATA ELEMENTS--GENERAL INFORMATION
fixed length control field 181216s||||||||xx |||||||||||||| ||und||
040 ## - CATALOGING SOURCE
Transcribing agency GE_BSU
080 ## - UNIVERSAL DECIMAL CLASSIFICATION NUMBER
Universal Decimal Classification number 821.353.1–32
100 ## - MAIN ENTRY--PERSONAL NAME
Personal name მიშველაძე,რევაზ
245 ## - TITLE STATEMENT
Title ურჩი
245 ## - TITLE STATEMENT
Remainder of title 30 ნოველა
245 ## - TITLE STATEMENT
Statement of responsibility, etc. რედ.ზ.კუხიანიძე.მხატვ.ოთარ ქანდარია
250 ## - EDITION STATEMENT
Edition statement 1-ლი გამოც.
260 ## - PUBLICATION, DISTRIBUTION, ETC.
Place of publication, distribution, etc. ქუთაისი
260 ## - PUBLICATION, DISTRIBUTION, ETC.
Name of publisher, distributor, etc. საბჭოთა საქართველო
260 ## - PUBLICATION, DISTRIBUTION, ETC.
Date of publication, distribution, etc. 1980
300 ## - PHYSICAL DESCRIPTION
Extent 326გვ.20სმ.
653 ## - INDEX TERM--UNCONTROLLED
Uncontrolled term ნოველები
653 ## - INDEX TERM--UNCONTROLLED
Uncontrolled term ურჩი
942 ## - ADDED ENTRY ELEMENTS (KOHA)
Koha item type წიგნი
ეგზემპლარები
Withdrawn status Lost status Damaged status Not for loan Date acquired Barcode Date last seen Price effective from Koha item type
        2018-12-17 32376 2018-12-17 2018-12-17 წიგნი
        2018-12-17 32377 2018-12-17 2018-12-17 წიგნი
        2018-12-17 22414 აგრ.ტექ.ბიბლ. 2018-12-17 2018-12-17 წიგნი